Protecting the ozone layer. (Record no. 63392)

000 -LEADER
fixed length control field 00551nam a22001937a 4500
003 - CONTROL NUMBER IDENTIFIER
control field NUST - PNEC
005 - DATE AND TIME OF LATEST TRANSACTION
control field 20170116180811.0
008 - FIXED-LENGTH DATA ELEMENTS--GENERAL INFORMATION
fixed length control field 150504b xxu||||| |||| 00| 0 eng d
020 ## - INTERNATIONAL STANDARD BOOK NUMBER
International Standard Book Number 8175542532.
040 ## - CATALOGING SOURCE
Transcribing agency LIBRARY
082 ## - DEWEY DECIMAL CLASSIFICATION NUMBER
Classification number 363.73875526 AND
100 ## - MAIN ENTRY--PERSONAL NAME
9 (RLIN) 3407
Personal name Andersen, Stephen O,
245 ## - TITLE STATEMENT
Title Protecting the ozone layer.
Statement of responsibility, etc. Stephen O Andersen
250 ## - EDITION STATEMENT
Edition statement -
260 ## - PUBLICATION, DISTRIBUTION, ETC.
Place of publication, distribution, etc. India:
Name of publisher, distributor, etc. New Delhi,
Date of publication, distribution, etc. c 2004.
300 ## - PHYSICAL DESCRIPTION
Extent 513 p . :
650 ## - SUBJECT ADDED ENTRY--TOPICAL TERM
9 (RLIN) 3409
Topical term or geographic name entry element Protecting the ozone layer.
General subdivision Ozone layer depletion--Prevention.
942 ## - ADDED ENTRY ELEMENTS (KOHA)
Source of classification or shelving scheme
Koha item type Book
Holdings
Withdrawn status Lost status Source of classification or shelving scheme Damaged status Not for loan Permanent Location Current Location Shelving location Date acquired Source of acquisition Cost, normal purchase price Total Checkouts Full call number Barcode Date last seen Cost, replacement price Price effective from Koha item type
          Pakistan Navy Engineering College (PNEC) Pakistan Navy Engineering College (PNEC)   06/17/2005 Vangaurd Books 1296.00   363.73875526 AND PNECLIB-026851 05/04/2015 1296.00 06/17/2005 Book
© 2023 Central Library, National University of Sciences and Technology. All Rights Reserved.